English To French - Pokemon Gen 4 Quiz Stats

 Plays Quiz not verified by Sporcle

Challenge
Share
Tweet
Embed
Score 0/107 Timer 20:00
0 Plays Today
Anglais Français % Correct
TurtwigTortipouss
100%
TorterraTorterra
100%
MonfernoChimpenfeu
100%
InfernapeSimiabraz
100%
PiplupTiplouf
100%
PrinplupPrinplouf
100%
EmpoleonPingoléon
100%
StarlyÉtourmi
100%
StaraviaÉtourvol
100%
StaraptorÉtouraptor
100%
BibarelCastorno
100%
ShinxLixy
100%
LuxioLuxio
100%
LuxrayLuxray
100%
BudewRozbouton
100%
RoseradeRoserade
100%
BastiodonBastiodon
100%
PachirisuPachirisu
100%
AmbipomCapidextre
100%
BunearyLaporeille
100%
LopunnyLockpin
100%
MismagiusMagirêve
100%
GlameowChaglam
100%
PuruglyChaffreux
100%
StunkyMoufouette
100%
SkuntankMoufflair
100%
BronzorArchéomire
100%
BronzongArchéodong
100%
BonslyManzaï
100%
Jr. Mime Jr.Mime Jr.
100%
HappinyPtiravi
100%
GarchompCarchacrok
100%
MunchlaxGoinfrex
100%
RioluRiolu
100%
LucarioLucario
100%
HippopotasHippopotas
100%
Anglais Français % Correct
HippowdonHippodocus
100%
SkorupiRapion
100%
DrapionDrascore
100%
LumineonLuminéon
100%
WeavileDimoret
100%
MagnezoneMagnézone
100%
RhyperiorRhinastoc
100%
TangrowthBouldeneu
100%
ElectivireÉlekable
100%
TogekissTogekiss
100%
YanmegaYanméga
100%
GlaceonGivrali
100%
GliscorScorvol
100%
Porygon-ZPorygon-Z
100%
GalladeGallame
100%
DusknoirNoctunoir
100%
RotomMotisma
100%
UxieCréhelf
100%
MespritCréfollet
100%
DialgaDialga
100%
PalkiaPalkia
100%
HeatranHeatran
100%
RegigigasRegigigas
100%
GiratinaGiratina
100%
CresseliaCresselia
100%
PhionePhione
100%
ManaphyManaphy
100%
DarkraiDarkrai
100%
ShayminShaymin
100%
ArceusArceus
100%
GrotleBoskara
50%
ChimcharOuisticram
50%
BidoofKeunotor
50%
KricketotCrikzik
50%
KricketuneMélokrik
50%
CranidosKranidos
50%
Anglais Français % Correct
RampardosCharkos
50%
ShieldonDinoclier
50%
BurmyCheniti
50%
WormadamCheniselle
50%
MothimPapilord
50%
CombeeApitrini
50%
VespiquenApireine
50%
BuizelMustébouée
50%
FloatzelMustéflott
50%
CherubiCeribou
50%
CherrimCeriflor
50%
ShellosSancoki
50%
DrifloonBaudrive
50%
DrifblimGrodrive
50%
HonchkrowCorboss
50%
ChatotPijako
50%
SpiritombSpiritomb
50%
GibleGriknot
50%
CroagunkCradopaud
50%
ToxicroakCoatox
50%
FinneonÉcayon
50%
MantykeBabimanta
50%
SnoverBlizzi
50%
AbomasnowBlizzaroi
50%
LickilickyCoudlangue
50%
MagmortarMaganon
50%
LeafeonPhyllali
50%
MamoswineMammochon
50%
ProbopassTarinorme
50%
FroslassMomartik
50%
AzelfCréfadet
50%
GastrodonTritosor
0%
ChinglingKorillon
0%
GabiteCarmache
0%
CarnivineVortente
0%

You're not logged in!

Compare scores with friends on all Sporcle quizzes.
Join for Free
OR
Log In

You Might Also Like...

Show Comments

Extras

Top Quizzes Today


Score Distribution

Your Account Isn't Verified!

In order to create a playlist on Sporcle, you need to verify the email address you used during registration. Go to your Sporcle Settings to finish the process.

Report this User

Report this user for behavior that violates our Community Guidelines.

Details: